Teile Frankreichs im Jahre 1812 (Mit Karte!) - Statistiken

Allgemein
  • Dieses Quiz wurde 804 mal gespielt
  • Das Durchschnittsergebnis liegt bei 10 aus 13
Antworten auf der Karte
Die Antworten werden auf der Karte rot bzw. grün angezeigt, abhängig davon wie oft sie richtig erraten wurden.
 
Antwortstatistiken
Antwort % Korrekt
Königreich {Spanien}
100%
Dänemark–Norwegen
98%
Frankreich
98%
Schweiz
96%
Kaisertum {Österreich}
95%
Königreich {Preußen}
94%
Rheinbund
82%
Königreich {Italien}
80%
Republik {San} {Marino}
70%
Königreich {Neapel}
60%
Republik {Danzig}
55%
Herzogtum {Warschau}
31%
Fürstentum {Neuenburg}
12%
Keine übereinstimmenden Quizze gefunden
Verteilung der Resultate
Anzahl Personen mit jedem Resultat
Perzentil nach korrekt beantworteten Fragen
Ihre Resultats-Entwicklung
Sie haben dieses Quiz noch nicht gespielt